• 首页
  • 本馆介绍
  • 公告通知
  • 最新文献
  • 馆藏检索
  • 电子资源
  • 读者导购
  • 参考咨询
  • 我的图书馆
  • 登录
  • 详细信息显示
  • 放入我的书架
  • 预约/预借图书
  • 作者相关作品
  • 分类相关作品
  • 丛书相关作品
  • 出版社相关作品

书目信息

  • 表格格式
  • 工作单格式
  • 卡片格式
题名:
成本研究班教材
    
 
作者: ;中国技术经济研究会 , 中国成本研究会 著
分册:   成本管理基础部分
出版信息: 天津   天津人民出版社  1984
页数: 170页
开本: 21cm
丛书名:
单 册:
中图分类: F045.3
科图分类:
主题词: 企业管理:成本管理--教材 , 成本管理:企业管理--教材 , 社会主义社会--生产方式
电子资源:
ISBN:
000 00928nam0 2200289 45
001 0184013616
005 20040421100344.3
010    @dCNY0.58
091    @a4072.40
100    @a19950616d1984 em y0chiy0121 ea
101 0  @achi
102    @aCN@b120000
105    @ay z 000yy
106    @ar
200 10 @a成本研究班教材@Acheng ben yan jiu ban jiao cai@i成本管理基础部分@f中国技术经济研究会,中国成本研究会编
210    @a天津@c天津人民出版社@d1984
215    @a170页@d21cm
517    @a成本管理基础部分@ACheng Ben Guan Li Ji Chu Bu Fen
606    @a企业管理:成本管理@x教材
606    @a成本管理:企业管理@x教材
606 0  @a社会主义社会@x生产方式
690    @aF045.3
711 02 @a中国技术经济研究会@Azhong guo ji shu jing ji yan jiu hui@4著
711 02 @a中国成本研究会@Azhong guo cheng ben yan jiu hui@4编
801  0 @aCN@b上海图书馆@c20040421
801  2 @aCN@bNLC@c20040421
905    @f1@b84029@dF045.3@e30
    
    成本研究班教材.成本管理基础部分/中国技术经济研究会,中国成本研究会编.-天津:天津人民出版社,1984
    170页;21cm
    
    
    ISBN :CNY0.58
    
●
相关链接 在E读中查询图书 在五车中查询图书 在当当中查询图书 在豆瓣中查询图书


正题名:成本研究班教材     索取号:F045.3/30         预约/预借

序号 登录号 条形码 馆藏地/架位号 状态 备注
1 0084029   000192062   第一借阅区/ [索取号:F045.3/30] 在馆    
2 0084031   000192071   第一样本阅览室/ [索取号:F045.3/30] 在馆    
唐山师范学院图书馆 欢迎您!
大连网信软件有限公司© 版权所有